Nazis and Germany (1919-39) - Statistics

General Stats
  • This quiz has been taken 178 times
    40 since last reset
  • The average score is 7 of 15
Answer Stats
SN Hint Answer % Correct
1 Leader of the NSDAP / Führer Adolf Hitler
97%
4 Biography of SN #1 (written in prison) Mein Kampf
91%
3 The coup attempted by the NSDAP in 1923 {Beer Hall} Putsch
76%
5 President when SN #1 became Chancellor Paul von Hindenburg
73%
15 Country which was invaded which led to the start of WWII Poland
70%
8 Deemed the superior race by SN #1 Aryans
55%
11 Fire which burned down the German Parliament Reichstag Fire
55%
7 "Living space" needed (specific name) Lebensraum
48%
14 Jewish purge led by the SS and SN #1 Kristallnacht / Night of Broken Glass
36%
13 Allies' policy to control SN #1 (it failed lol) Appeasement
27%
9 American plan signed by Gustav Stresemann {Dawes} Plan
27%
6 Sn #1's Chancellor predecessor Kurt von Schleicher
27%
10 First President of Weimar Germany Friedrich Ebert
21%
12 Currency that was introduced to battle hyperinflation Rentenmark
21%
2 Coup attempted by the Communists in 1920 {Spartacist} Uprising
18%
No matching quizzes found
Score Distribution
Percent of People with Each Score
Percentile by Number Answered
Your Score History
You have not taken this quiz since the last reset